000
00224nam a22000857a 4500
008
160916b xxu||||| |||| 00| 0 eng d
100
_9
621
_a
Nagaraj.G.
245
_a
Grammer Express-7
260
_a
New Delhi
_b
Frank publications
_c
2012
999
_c
3280
_d
3280